Most popular names by state - 2022 - Statistics

General Stats
  • This quiz has been taken 21 times
  • The average score is 266 of 500
Answer Stats
Hint Answer % Correct
ALABAMA | MISSISSIPPI | SOUTH CAROLINA John
85%
NEW JERSEY | NEW YORK Joseph
80%
CONNECTICUT | MINNESOTA Jack
75%
ALABAMA | ARIZONA | ARKANSAS | +43 others Olivia
75%
ALABAMA | DELAWARE | GEORGIA | +11 others Ava
70%
ALABAMA | ALASKA | ARKANSAS | +35 others Charlotte
70%
ALABAMA | ALASKA | ARIZONA | +37 others Emma
65%
ALABAMA | ALASKA | DELAWARE | +12 others James
65%
ALABAMA | ALASKA | ARKANSAS | +31 others Amelia
60%
ARIZONA | CONNECTICUT | FLORIDA | +7 others Isabella
60%
MAINE | VERMONT Jackson
55%
ALABAMA | ALASKA | ARIZONA | +40 others Liam
55%
ALABAMA | ARIZONA | ARKANSAS | +34 others Noah
55%
ALASKA | ARIZONA | ARKANSAS | +31 others Oliver
55%
ALABAMA | ARKANSAS | DELAWARE | +14 others William
55%
NEW YORK Jacob
50%
CALIFORNIA | COLORADO | CONNECTICUT | +6 others Mia
50%
CONNECTICUT | DELAWARE | NEW JERSEY Michael
50%
MASSACHUSETTS | NEW HAMPSHIRE | PENNSYLVANIA | RHODE ISLAND Benjamin
45%
ALASKA | IDAHO | MAINE | +12 others Evelyn
45%
COLORADO | IDAHO | INDIANA | +18 others Henry
45%
LOUISIANA Luke
45%
ARIZONA | CALIFORNIA | COLORADO | +13 others Sophia
45%
NORTH DAKOTA Ellie
35%
HAWAII Kai
35%
CONNECTICUT Luca
35%
ARIZONA | HAWAII | NEVADA | RHODE ISLAND Luna
35%
WEST VIRGINIA Willow
35%
ARKANSAS | FLORIDA | GEORGIA | +3 others Elijah
30%
HAWAII Ethan
30%
ARKANSAS | KANSAS | KENTUCKY | +7 others Harper
30%
MINNESOTA | NORTH DAKOTA Nora
30%
HAWAII Aria
25%
TEXAS Camilla
25%
IDAHO | WYOMING Hazel
25%
ALASKA | FLORIDA | MARYLAND | +2 others Lucas
25%
ARIZONA | CALIFORNIA | ILLINOIS | +3 others Mateo
25%
MISSISSIPPI Nova
25%
CALIFORNIA | NEVADA | TEXAS Sebastian
25%
ALASKA | COLORADO | ILLINOIS | +19 others Theodore
25%
VERMONT Violet
25%
CALIFORNIA Camila
20%
CALIFORNIA Julian
20%
MAINE | NEW HAMPSHIRE | RHODE ISLAND | WYOMING Owen
20%
ALASKA Aurora
15%
HAWAII | KENTUCKY | NORTH DAKOTA | +2 others Asher
10%
WEST VIRGINIA Grayson
10%
NORTH DAKOTA | SOUTH DAKOTA | VERMONT | WYOMING Hudson
5%
ARIZONA | NEW MEXICO | TEXAS Santiago
5%
WEST VIRGINIA Waylon
5%
NEW MEXICO Ezekiel
0%
MISSISSIPPI Kinsley
0%
No matching quizzes found
Score Distribution
Percent of People with Each Score
Percentile by Number Answered
Your Score History
You have not taken this quiz